Társastáncverseny a Tisza szállóban
Elmentve itt :
| Dokumentumtípus: | Cikk |
|---|---|
| Megjelent: |
1964-08-25
|
| Sorozat: | Délmagyarország
54 No. 198 |
| Kulcsszavak: | Társastáncverseny Szeged 1964, társas táncok |
| Online Access: | http://dmarchiv.bibl.u-szeged.hu/75597 |
| LEADER | 00443nab a2200145 i 4500 | ||
|---|---|---|---|
| 001 | delm75597 | ||
| 005 | 20180928084331.0 | ||
| 008 | 180928s1964 hu o 0|| hun d | ||
| 040 | |a SZTE Délmagyarország Archívum |b hun | ||
| 041 | |a hun | ||
| 245 | 0 | 0 | |a Társastáncverseny a Tisza szállóban |h [elektronikus dokumentum] |
| 260 | |c 1964-08-25 | ||
| 300 | |a 4 | ||
| 490 | 0 | |a Délmagyarország |v 54 No. 198 | |
| 695 | |a Társastáncverseny Szeged 1964, társas táncok | ||